| 000 | 00849nam a2200253 i 4500 | ||
|---|---|---|---|
| 001 | 184038 | ||
| 003 | ES-MaACL | ||
| 005 | 20250814063257.0 | ||
| 008 | 150224s2003 sp | |||| ||spa d | ||
| 020 | _a84-8310-254-4 | ||
| 080 | _a821.133.1(493)-31"19" | ||
| 100 | 1 |
_aSimenon, Georges, _d1903-1989 _9106467 |
|
| 245 | 1 | 3 |
_aEl tren de Venecia / _cGeorges Simenon ; traducción de Mercedes Abad. |
| 250 | _a1ª ed. | ||
| 260 |
_aBarcelona : _bTusquets, _c2003. |
||
| 300 |
_a186 p. ; _c21 cm. |
||
| 490 | 1 |
_aColección Andanzas ; _v524 |
|
| 700 | 1 |
_aAbad, Mercedes, _917909 |
|
| 830 | 0 | 0 |
_aColección Andanzas _v524 _9234359 |
| 852 |
_aES-MaACL _jA-13414 _9191004 _bR.150099 _cDEPO1 _dOlim: N-6414 _hDonación: José Lázaro |
||
| 903 |
_9234219 _aLázaro García, José _ednr |
||
| 942 |
_2udc _cMONOGRAFIA |
||
| 999 |
_c184038 _d184038 |
||